书目信息 |
| 题名: |
语言哲学
|
|
| 作者: | 陈嘉映 著 | |
| 分册: | ||
| 出版信息: | 北京 北京大学出版社 2003 |
|
| 页数: | 430页 | |
| 开本: | 20cm | |
| 丛书名: | 北京大学哲学教材系列 | |
| 单 册: | ||
| 中图分类: | H0-05 | |
| 科图分类: | ||
| 主题词: | 语言哲学--高等学校 | |
| 电子资源: | ||
| ISBN: | 7-301-06174-9 | |
| 000 | 00722nam0 2200241 45 | |
| 001 | 0312151479 | |
| 005 | 20031219104123.0 | |
| 010 | @a7-301-06174-9@dCNY24.00 | |
| 100 | @a20031215d2003 km y0chiy0120 ea | |
| 101 | 0 | @achi |
| 105 | @a z 000yy | |
| 200 | 1 | @a语言哲学@AYu Yan Zhe Xue@f陈嘉映著@FChen Jia Ying Zhu |
| 210 | @a北京@c北京大学出版社@d2003 | |
| 215 | @a430页@d20cm | |
| 225 | @a北京大学哲学教材系列 | |
| 300 | @a北京市高等教育精品教材建设立项项目 | |
| 300 | @a附录一:本书索引书目录;附录二:人名中西文对照 | |
| 410 | @12001 @a北京大学哲学教材系列 | |
| 606 | 0 | @a语言哲学@x高等学校 |
| 690 | @aH0-05@v4 | |
| 701 | 0 | @a陈嘉映@4著 |
| 801 | @aCN@bTSTC@c20031215 | |
| 905 | @b330196-208@dH0-05@e102@f13 | |
| 语言哲学/陈嘉映著.-北京:北京大学出版社,2003 |
| 430页;20cm.-(北京大学哲学教材系列) |
| 北京市高等教育精品教材建设立项项目.-附录一:本书索引书目录;附录二:人名中西文对照 |
| ISBN 7-301-06174-9:CNY24.00 |
| ● |
| 相关链接 |
|
|
|
|
正题名:语言哲学
索取号:H0-05/102
 
预约/预借
| 序号 | 登录号 | 条形码 | 馆藏地/架位号 | 状态 | 备注 |
| 1 | 0330196 | 203301961 | 第四借阅区/ [索取号:H0-05/102] | 在馆 | |
| 2 | 0330197 | 203301970 | 第四借阅区/ [索取号:H0-05/102] | 在馆 | |
| 3 | 0330198 | 203301989 | 第四借阅区/ [索取号:H0-05/102] | 在馆 | |
| 4 | 0330199 | 203301998 | 第四借阅区/ [索取号:H0-05/102] | 在馆 | |
| 5 | 0330200 | 203302005 | 第四借阅区/ [索取号:H0-05/102] | 在馆 | |
| 6 | 0330201 | 203302014 | 第四借阅区/ [索取号:H0-05/102] | 在馆 | |
| 7 | 0330202 | 203302023 | 第四借阅区/ [索取号:H0-05/102] | 在馆 | |
| 8 | 0330203 | 203302032 | 第四借阅区/ [索取号:H0-05/102] | 在馆 | |
| 9 | 0330204 | 203302041 | 第四借阅区/ [索取号:H0-05/102] | 在馆 | |
| 10 | 0330205 | 203302050 | 第四借阅区/ [索取号:H0-05/102] | 在馆 | |
| 11 | 0330206 | 203302069 | 第四借阅区/ [索取号:H0-05/102] | 在馆 | |
| 12 | 0330207 | 203302078 | 第四借阅区/ [索取号:H0-05/102] | 在馆 | |
| 13 | 0330208 | 203302087 | 第二样本阅览室/ [索取号:H0-05/102] | 在馆 |